2018 Oscar Nominees - Statistics

General Stats
  • This quiz has been taken 242 times
    167 since last reset
  • The average score is 16 of 39
Answer Stats
N Nominee W % Correct
13 The Shape of Water 4
89%
7 Three Billboards 2
75%
6 Darkest Hour 2
73%
4 Call Me by Your Name 1
71%
5 Lady Bird 0
70%
4 Get Out 1
68%
6 Phantom Thread 1
67%
8 Dunkirk 3
64%
2 Coco 2
62%
3 I, Tonya 1
61%
2 The Post 0
58%
5 Blade Runner 2049 2
51%
4 Star Wars: The Last Jedi 0
46%
1 The Florida Project 0
44%
1 Guardians of the Galaxy Vol. 2 0
38%
1 Roman J. Israel, Esq. 0
38%
1 Logan 0
36%
4 Mudbound 0
36%
3 Baby Driver 0
33%
1 Wonder 0
33%
1 All the Money in the World 0
32%
1 The Boss Baby 0
32%
1 Loving Vincent 0
28%
1 A Fantastic Woman 1
27%
2 Beauty and the Beast 0
27%
1 The Breadwinner 0
27%
1 War for the Planet of the Apes 0
27%
1 Kong: Skull Island 0
26%
1 The Greatest Showman 0
26%
1 Ferdinand 0
25%
1 Molly's Game 0
25%
1 The Big Sick 0
25%
1 The Disaster Artist 0
22%
1 The Square 0
22%
2 Victoria and Abdul 0
21%
1 Loveless 0
20%
1 Marshall 0
18%
1 On Body and Soul 0
17%
1 The Insult 0
17%
No matching quizzes found
Score Distribution
Percent of People with Each Score
Percentile by Number Answered
Your Score History
You have not taken this quiz since the last reset